=LDR 00000nam 2200000 4500 =001 INLIS000000000033309 =005 20240731102120 =035 ##$$a 0010-061300000033309 =008 240731################g##########0#ind## =041 ##$$a ind =082 ##$$a 647.2 =090 ##$$a 647.2, Bag t =100 ##$$a Bagyono =245 1#$$a Teori dan praktek hotel front office, /$c Bagyono =260 ##$$a Bandung :$b Alfabeta,$c 2006 =300 ##$$a ix,193 hlm, ; $c 23 cm =650 #4$$a Hotel =850 ##$$a NBPNMAT =084 ##$$a 647.2 BAG t =990 ##$$a 91383/BPAP-NTB/2014 =990 ##$$a 93213/BPAP-NTB/2014 =990 ##$$a 21400613/BPAP-NTB/20142014 =990 ##$$a 0001/BPAP-NTB/20142014 =990 ##$$a 21004024 =990 ##$$a 21004024 =990 ##$$a 91383/BPAP-NTB/2014 =990 ##$$a 91383/BPAP-NTB/2014 =990 ##$$a 93213/BPAP-NTB/2014 =990 ##$$a 93213/BPAP-NTB/2014 =990 ##$$a 0001/BPAP-NTB/20142014 =990 ##$$a 0001/BPAP-NTB/20142014